00430nam a2200157Ia 450000500170000000800410001704100080005808200160006610000140008224500250009626000550012130000090017650000250018565000250021070000370023520230327161620.0230125s9999 xx 000 0 und d aeng a658.15bINA aInamdar S aFinancial Management c2009bSymbiosis centre for distance learningaPune a494p aFinancial Management aFinancial Management aInamdar S & Nandini Madan, Donor